| 000 | 01122nam0a22002771 4500 | ||
|---|---|---|---|
| 001 | rc\3975958 | ||
| 005 | 20260407100608.0 | ||
| 021 |
_aRU _b[56-42652] |
||
| 035 | _a(NLR Aleph) 008058686 | ||
| 090 |
_a8988658 _c8988658 |
||
| 100 | _a20130415d1956 |||y0rusy50 ca | ||
| 101 | 0 | _arus | |
| 102 | _aRU | ||
| 105 | _ay z ||||| | ||
| 200 | 1 |
_aПервая Турткульская МТС _f[Гл. упр. с.-х. науки М-ва сельского хозяйства УзССР]. Всесоюз. с.-х. выставка 1956 г. Павильон Узб. ССР |
|
| 210 |
_a[Нукус _cБ. и. _d1956] |
||
| 215 |
_a5 с. _d19 |
||
| 300 | _aБез тит. л. и обл. | ||
| 601 | 2 |
_aТурткульская МТС (1) _2psbo |
|
| 606 |
_aМашинно-тракторные станции _yКара-Калпакская АССР _2psbo |
||
| 712 | 1 | 2 |
_aВсесоюзная сельскохозяйственная выставка _f1954-1959 _eМосква _3RU\NLR\AUTH\889927075 _9349816 |
| 801 | 0 |
_aRU _bNLR _gpsbo |
|
| 801 | 1 |
_aRU _bELAR _2rusmarc |
|
| 852 |
_aNLR _jЭк50 Г-4/3800 |
||
| 942 | _cBOOK | ||
| 980 | _aNB | ||